| 000 | 00462nam a2200169Ia 4500 | ||
|---|---|---|---|
| 008 | 230711s9999||||xx |||||||||||||| ||und|| | ||
| 020 | _a978-81-203-4678-9 | ||
| 041 | _aENG | ||
| 082 |
_a519.5 _bDE-O |
||
| 100 | _aDeb,Kalyanmay | ||
| 245 | 0 | _aOptimization for Engineering Design : Algorithms and Examples | |
| 250 | _a2nd Ed. | ||
| 260 |
_c2012 _aNew Delhi _bPHI Learning Private Limited |
||
| 300 | _a421p. | ||
| 650 | _aMechanical Engineering | ||
| 942 | _cBK | ||
| 999 |
_c6649 _d6649 |
||